[Event "Linares 16th"]
[Site "Linares"]
[Date "1999.03.03"]
[Round "9"]
[White "Kramnik, Vladimir"]
[Black "Svidler, Peter"]
[Result "1-0"]
[WhiteElo "2751"]
[BlackElo "2713"]
[EventDate "1999.02.21"]
[Annotator "Krasenkow"]
[EventType "tourn"]
[EventRounds "14"]
[EventCountry "ESP"]
[EventCategory "20"]
[Source "ChessBase"]
[SourceDate "1999.06.08"]

1. d4 {page 109} 1. ... Nf6 2. c4 g6 3. Nc3 d5 4. cxd5 Nxd5 5. e4 Nxc3 6. 
bxc3 Bg7 7. Nf3 c5 8. Rb1 O-O 9. Be2 cxd4 10. cxd4 Qa5+ 11. Bd2 Qxa2 12. 
O-O Bg4 13. Be3 Nc6 14. d5 Na5 15. Bg5 {An attempt to make use of the pawn
position on h7} 15. ... Bxf3?! {This novelty had been probably refuted by 
Kramnik at home!} ( 15. ... Qa3 16. Bd2 Bc3 17. Bc1 Qd6 18. e5 Qd7 19. Bd2
Rfc8 ( 19. ... Bxf3 20. Bxf3 Bxd2 21. Qxd2 Nc4 22. Qe2 b5 23. e6 Qd6 24. 
exf7+ Kg7 25. Rxb5 Ne5 26. Be4 Rxf7 27. Ra5 Rf6 28. g3 a6 29. Bg2 Raf8 30.
 Kh1 h5 31. Ra4 Ng4 32. f4 e5 33. dxe6 {1/2-1/2 Kramnik,V-Ivanchuk,V/Amber
Rapid, Monte Carlo MON 1998} ) 20. Bxc3 Rxc3 21. Qd4 Bxf3 22. Bxf3 Rac8 ( 
22. ... Rc4 23. Qe3 b6 24. e6 Qd6 25. exf7+ Kg7 26. Rfe1 Rf8 27. Qxe7 Qxe7
28. Rxe7 Rxf7 {1/2-1/2 Kramnik,V-Shirov,A/8th Amber Blindfold 1999 (42)} )
23. Qxa7 Rxf3 24. gxf3 Qxd5 25. f4 Nc6 26. Qxb7 Rb8 27. Qc7 Rxb1 28. Rxb1 
Nd4 =/& {1/2-1/2 Van Wely,L-Shirov,A/Hoogovens 1999 (42)} ) 16. Bxf3 Rfe8 
17. e5!! {A typical pawn sacrifice in this type of positions. The black e5
bishop is vulnerable to tactical threats and the e7 pawn - to frontal 
attack. '!' Ftacnik.} 17. ... Nc4 {The rejection of the sacrifice looks 
like a positional capitulation but can it be taken? '?' Ftacnik. Ftacnik: 
'Black is letting the great defensive tactical chance to slip away and 
thus lands in difficult position. '} ( 17. ... Bxe5 18. Re1 ( 18. d6 {
Ftacnik} 18. ... Bxd6 ( 18. ... exd6 19. Bd5 Qa3 20. Bd2 Nc6 ( 20. ... Bc3
? 21. Qf3 +- ) 21. Rxb7 +/- ) 19. Ra1 ( 19. Bd5 Qa3 -/+ ) 19. ... Qc4 20. 
Rxa5 Bxh2+ 21. Kh1 ~ ( 21. Kxh2 Qc7+ -+ ) ) 18. ... Nc4 ( 18. ... Bd6? 19.
 Ra1 ) ( 18. ... f6? 19. d6 ( 19. Rxe5 fxe5 20. Ra1 Qb3 21. Rxa5 Qxd1+ 22.
 Bxd1 ~ ) 19. ... Kh8 20. d7 Red8 21. Rxe5 fxe5 22. Bxe7 Rxd7 23. Bf6+ Rg7
24. Bxg7+ Kxg7 25. Ra1 +- ) ( 18. ... Bc3 19. Rxe7 +/- ( 19. Rxe7 Bd4 20. 
d6 ~ ) ) 19. Rxb7 f6 20. d6! e6 21. Rxe5! Nxe5 22. Bxf6 +/- ) 18. d6 Nxe5 
19. Bd5! ( 19. Bxb7 Rab8 20. Bxe7 Bf8 {was not so strong. It is essential 
for White to lure the Black queen to a3.} ) 19. ... Qa3 ( 19. ... Qa5 20. 
Bxe7 Bf8 21. Rxb7 ) 20. Bxe7 Bf8 21. Bxb7 Bxe7 ( 21. ... Rab8 22. d7 {- 
that's the point!} ) 22. Bxa8 Bxd6 23. Bd5 {Ftacnik: 'White has won an 
exchange and the opposite colour bishops can help him to realize the 
advantage. '} 23. ... Re7 24. Kh1 {In this open position the White rook is
much stronger than the black knight but this advantage is not easy to 
convert. White prepares f2-f4-f5. '!' Ftacnik.} 24. ... h5 25. h3 Kg7 26. 
Qd2 Bc7 27. Rbd1 {Ftacnik: 'Kramnik has met all the preparations for the 
decisive push of the f pawn.'} 27. ... Nd7? D {This allows a deadly blow 
leading to a favourable endgame for White.

Black has only a pawn for the Exchange. But White lacks a pawn that could
he could try to queen. Take everything off the board but the pawns, the 
kings
and a White rook and Black bishop, and it's a possible draw.
Yet Black resigned in six moves. White accomplished that due to two
factors. The first was his tactical vision. He saw that the ' impossible' 
28 Bxf7
was possible.
After Black captures the bishop, Qxd7 ! will work. Then  . .  Rxd7 leads
to an endgame in which White has two rooks to battle the Black queen, with
an
equal number of pawns.
But calculation is only as good as the evaluation that accompanies it. The
second factor that won the game was White's realization that the endgame 
is a
win, in a fact a relatively easy one. Play went} ( 27. ... Ba5 ) ( 27. ...
 Ba5 {Ftacnik} 28. Qg5 +/- ) ( 27. ... Qd6 {Ftacnik} 28. f4 Nd7 29. Qc3+ 
Nf6 30. Bxf7 +- ) 28. Bxf7! Rxf7 29. Qxd7 Rxd7 30. Rxd7+ Kh6 31. Rxc7 D {
Two rooks are stronger than a queen especially as the black king is 
unsafe. White aimed for this because he knew the general case: Barring a
complicating factor, two rooks beat a queen if pawns are equal.
The winning plan is elementary: The rooks will double up on the a-pawn and
win it. After that, they can pick off the kingside pawns in the same way.
Black made it easy by playing
} 31. ... Qd3 {This leads to a quick loss of the a-pawn.} ( 31. ... a5 âŒ“
) 32. Kg1! {it was safe for White's rooks to win the a-pawn. It was too
late for Black to push} ( 32. Ra1 Qd4 33. Raxa7 Qxf2 ) 32. ... Qd4 33. Rc2
{34.Ra2 or 34.Ra1 is inevitable. Ftacnik: 'Black has resigned, since he 
will lose the a pawn and then he stands no chance against two rooks 
turning their attention to the pawns on the kingside.'} ( 33. Rc2 Qa4 34. 
Rcc1 Qe4 35. Ra1 Qe7 36. Rfe1 Qb4 37. Re5 h4 38. Rea5 Qd2 39. Rxa7 Qc3 40.
 R7a6 Kh5 41. R6a5+ g5 42. Ra6 Qd4 43. Re1 ) 1-0

[Event "URS Ch FL45"]
[Site "Baku AZE"]
[Date "1977.??.??"]
[Round "7"]
[White "Bagirov, Vladimir"]
[Black "Kuzmin, Gennadi P"]
[Result "0-1"]
[WhiteElo "2480"]
[BlackElo "2550"]
[EventDate "1977.??.??"]

1. d4 Nf6 2. c4 e6 3. Nc3 Bb4 4. Bg5 c5 5. d5 h6 6. Bh4 Bxc3+ 7. bxc3 d6 
8. e3 e5 9. Bd3 e4 10. Bc2 Nbd7 11. Ne2 Qe7 12. Ba4 O-O 13. Bxd7 Bxd7 14. 
a4 b6 15. Qc2 Bc8 16. O-O D {Black sees that he has the advantage because 
the weakest target on the board
lies at c4. If he gets to play . . . .Bxc4, White will not only be a pawn 
down, but
his d-pawn is probably doomed and his light squares may be fatally 
exposed. If
that's not a 'positionally lost game' , it's something very close to it.

A quick glance shows that if Black plays 1 . . . .Ba6, White can defend c4
with
his queen. If White's bishop were, say on d2 or a3, Black could carry out 
asimple maneuver, . . . Nd7-e5, take on c4 and win fairly easily.

But the bishop is on h4. The difference is that 1 . . . Ba6? is actually 
an error.
White can insert 2 Bxf6! and, following 2 . . . Qxf6, he can play 3 Qb3 
and bring
his knight to life at g3 . Black will still be better. But it's clearly 
not a positionally
won game.
That prompted Black to make a no-turning-back decision, similar to I Ng5 !
in the previous game. He played} 16. ... g5! 17. Bg3 Ba6 {Yes, Black's 
king position is loosened. But White is tied to the defense of c4
and can 't exploit the kingside. In fact after} 18. Qa2 Nh5! D {it is 
Black who has the
 more ominous threat on that wing of . . . f7-f5-f4. This is getting very 
close to positionally won territory. Play went} 19. Nc1? ( 19. a5! bxa5 
20. Nc1 Qf6 21. Ne2 Rab8 22. h3 ) 19. ... f5 20. Qe2 Qf7 {The threat of . 
. . f4-f3 is immediate. The tactical justification for Black's play
is that 6 Bxd6? .Rfd8 7 Be5 Rxd5 wins quickly.
White played} ( 20. ... Ng7! 21. f4 exf3 22. gxf3 f4 23. exf4 Qxe2 24. 
Nxe2 Bxc4 +- ) 21. f4 {and allowed the position to be opened} ( 21. Bxd6 
Rfd8 22. Bg3 Rxd5 23. a5 Nxg3 24. hxg3 ) 21. ... exf3 22. Rxf3 Qg6 23. a5 
f4! 24. exf4 gxf4 {now we've reached the positionally won stage.
That means Black can rely on fairly routine moves. The rest was} 25. Bf2 
Rae8 26. Qf1 Re4 27. axb6 Bxc4 28. Qd1 axb6 29. Ra4 b5 30. Ra6 Re5! 31. 
Bxc5 Rfe8! 32. Kf2 Re1 33. Rxd6 Qc2+ {To win a won game you typically need
a 'how ' . It could be a general plan
like Black's kingside advance in the last example or more specific like 
the
mate-on-the-long-diagonal theme of the previous one.
Without a 'how', even a position that seems hugely advantageous may not
be winnable. Here's a striking example.} 0-1

[Event "RUS Ch Superfinal"]
[Site "Moscow RUS"]
[Date "2005.12.22"]
[Round "4"]
[White "Kramnik, Vladimir"]
[Black "Zvjaginsev, Vadim"]
[Result "1/2-1/2"]
[WhiteElo "2739"]
[BlackElo "2659"]
[EventDate "2005.12.19"]
[Annotator "Mikhalevski,V"]
[PlyCount "77"]
[EventType "tourn"]
[EventRounds "11"]
[EventCountry "RUS"]
[EventCategory "17"]
[Source "ChessBase"]
[SourceDate "2006.04.04"]
[WhiteTeamCountry "FRA"]
[BlackTeamCountry "FRA"]

{page 114} 
1. d4 Nf6 2. c4 g6 3. Nc3 Bg7 4. e4 d6 5. Nf3 O-O 6. Be2 e5 7. O-O Nc6 8. 
d5 Ne7 9. Bd2 {A very rare move. Kramnik puts aside his favourite Bayonet 
attack (9.b4) and surprises Zviaginsev with a quiet positional plan of 
attack on the queenside by means of Rc1; b4 and c5.} 9. ... Kh8 {Vadim 
decides to avoid the main theoretical lines, which usually arise after 
9...Ne8 and 9...Nh5. The idea of 9...Kh8 freeing the g8-square in the 
Bayonet attack was popularized by English GM Hebden. Probably Zviagintsev 
prepares a similar manoeuvre of the queen knight.} ( {I believe in case of
} 9. ... Nh5 {White can play not only} 10. g3 ( {but also} 10. Re1 {with 
the idea} 10. ... f5 11. exf5 gxf5? ( 11. ... Nxf5 {is better.} ) 12. Nxe5
{and unlike the Bayonet attack the knight on c3 is protected and White 
wins a pawn. This is one of the ideas behind 9.Bd2.} ) ) ( {A more popular
} 9. ... Ne8 {which was initiated by Fisher in his match vs Taimanov in 
1971 was tested by Bologan in the following game.} 10. Ne1 f5 11. Nd3 fxe4
12. Nxe4 c6 13. Qb3 Kh8 14. Rae1 b5 15. Nb4 bxc4 16. Bxc4 Rb8 17. Qa3 Qb6 
{with mutual chances in Hansen,C-Bologan,V/Skanderborg DEN 2003.} ) 10. 
Rc1 b6 {Usually it's not recommended to play on the side where you're 
worth, but sometimes strong players break rules usually having an idea in 
mind. This time Zviaginsev makes the break c4-c5 more difficult. Is this a
good reason to weaken queenside? The game will show.} ( {The only 
preceding game saw} 10. ... c5 11. dxc6 bxc6 12. b4 Bb7 13. Bg5 ( 13. c5!?
) 13. ... Nfg8 14. Qb3 f6 15. Be3 f5 16. Rfd1 +/- {and White obtained a 
clear positional advantage in Peek,M-Coleman,D/Amsterdam 1996.} ) 11. b4 
Nd7 {Preventing c5 and preparing f5.} 12. Ne1 {The knight goes to d3 to 
support an advance of the c-pawn.} 12. ... f5 13. f3 ( 13. Nd3 {looks more
flexible as it leaves an option of f4 open, but after} 13. ... Nf6 {it 
would most likely transpose to the game.} 14. f3 Neg8 15. c5 ) 13. ... Ng8
14. Nd3 Ndf6 15. c5 += {Usually White can only dream of such a position - 
his pieces are on nice squares, the program break c5 was executed. What 
else one needs to claim an advantage?} 15. ... Bh6!? {When you have less 
space try to get a relief exchanging pieces - this is the idea behind 
Black's move.} 16. cxd6 {I believe White shouldn't be in a hurry with this
exchange. Anyway Black can't avoid it.} ( {Why not to prepare doubling of 
pieces along the c-file?} 16. Rc2!? ) 16. ... cxd6 17. Bxh6 Nxh6 18. Qd2 
f4 {Black unties White's hands for attack on the queenside.} ( 18. ... Kg7
{retaining pressure on the e4-pawn deserved attention.} ) 19. Nb5 {White 
prepares penetration to c7.} ( {Once again} 19. Rc2 {with the idea Rfc1 
looked strong.} ) 19. ... Ne8 20. Qc3 {Renewing an idea of Nc7 and having 
in mind a positional piece sacrifice in the centre.} 20. ... Qe7 {Black 
protects the centre and provokes Nc7.} ( {He could also cover the 
c7-square by means of} 20. ... Rf7 ) 21. Nc7 Nxc7 22. Qxc7 Bd7 {Now it 
turns out that the queen won't be able to stay on the seventh rank, but 
White had a way to retain his advantage with 23.b5.} 23. Nf2 {Simple 
chess. White prevents possible attack on the kingside in advance and opens
the a6-f1-diagonal for the White's light-squared bishop.} ( 23. b5!? {
Preparing a manoeuvre of the knight via b4 to c6 deserved serious 
attention.} 23. ... Rfc8 24. Qb7 Rcb8 25. Qa6 Bc8 26. Qa3 a6 27. Qb2! {
with a threat of Nf4 and then Nb4-c6. Probably Kramnik rejected this idea 
as he was afraid that it would be difficult to break through on the 
queeside while Black has counterchances on the other side of the board.} )
23. ... Rfc8 24. Qb7 Rcb8 25. Qa6 Bc8 26. Qa3 a6!? {Black prevents Ba6, 
which would help White to take control over the only open file. Now his 
plan includes Bd7 and Ng8-f6 in order to take control over the c7-square 
by means of Ne8 when necessary. Eventually it turns out that one open file
is not enough for win.} 27. Rc6 {The idea of doubling rooks along the 
c-file is definitely right, but I believe White could save at least a 
tempo doubling the rooks the other way.} ( {F.e.} 27. Rc3 Bd7 28. Rfc1 Ng8
{and now White can try} 29. Bxa6!? {Pinning your own bishop doesn't look 
like a great idea, but I don't see how Black can exploit the pin.} 29. ...
 Qd8 ( 29. ... Bb5?! {looks risky as White obtains full control over the 
c-file.} 30. Bxb5 Rxa3 31. Rxa3 += ) ( 29. ... b5 30. Qa5! ) 30. Rc6 Bxc6 
31. dxc6 Qc7 32. b5! =/& {Preparing Qb3(b2) and Nd3-b4-d5.} ) 27. ... Bd7 
28. Rc7 Ng8 {The knight goes to e8 to attack the white rook.} 29. Rfc1 Nf6
30. Qb2 ( {It wasn't late to try} 30. Bxa6!? {although here White is a 
tempo down comparing to 27. Rc6. Here is a possible continuation of play.}
30. ... Qd8 31. R7c6 Bxc6 32. dxc6 Ne8 33. b5 Nc7 34. Qb3 Nxa6 35. bxa6 
Ra7 36. Nd3 b5 37. Nb4 {with a clear advantage for White. However not all 
moves are forced.} ) 30. ... Kg8 D {White enjoys iron control of the 
c-file and a considerable advantage in
operating room. There is no Black counterplay. All the ingredients seem in
place
for a slow, plodding win by a world champion.

Except ... White lacks a plan. He can't improve his position through 
simple
means. He couldn't find a way to make a6 or b6 into a target. Just moving 
the
furniture around aimlessly won't do the job.
The game ended in a draw after a series of quiet moves, beginning with} 
31. Bf1 Ne8 32. R7c3 Qd8 {Black is planning to wait and it's not easy to 
do much about it.} 33. Qd2 Nf6 34. Rc7 Ne8 35. R7c3 Nf6 36. Rc7 Ne8 37. 
R7c2 Nf6 38. Rc3 Ra7 39. Qc2 {And having no idea how to break through 
Black's fortress Kramnik offered a draw.} 1/2-1/2